Problémy etiky II / Tomáš Chudý ; Ondřej Beran, Kamila Pacovská
Record details
- ISBN: 978-80-7465-570-8
- Physical Description: 299 stran ; 24 cm
- Publisher: Červený Kostelec : Pavel Mervart, 2022
Content descriptions
| General Note: | Poznámky |
| Bibliography, etc. Note: | Obsahuje bibliografické odkazy |
| Language Note: | Anglické resumé |
Search for related items by subject
| Subject: | etika svoboda morálka právo a morálka literatura a morálka emoce > etické pojetí integrita (psychologie) loajalita dobro |
| Genre: | sborníky |
Available copies
- 1 of 1 copy available at Common Catalog SPOK.
Holds
- 0 current holds with 1 total copy.
Show All Copies
| Location | Call Number / Copy Notes | Barcode | Shelving Location | Status | Due Date |
|---|---|---|---|---|---|
| Jabok Library | ET-7/B | 424480044886 | Odborná literatura | Available | - |
| LDR | 01982nam a2200613 i 4500 | ||
|---|---|---|---|
| 001 | 52391 | ||
| 003 | CZ-PrJAB | ||
| 005 | 20230608220718.0 | ||
| 007 | ta | ||
| 008 | 230531s2022 xr e 000 0 cze d | ||
| 020 | . | ‡a978-80-7465-570-8 ‡q(brožováno) : ‡cKč 369.00 | |
| 035 | . | ‡a(CZ PrSKC)1429119 | |
| 035 | . | ‡a(OCoLC)1344359052 | |
| 040 | . | ‡aKLG001 ‡bcze ‡erda | |
| 041 | 1 | . | ‡acze ‡beng ‡heng |
| 072 | 7. | ‡a17 ‡xEtika. Morální filozofie ‡2Konspekt ‡95 | |
| 080 | . | ‡a17 ‡2MRF | |
| 080 | . | ‡a123.1 ‡2MRF | |
| 080 | . | ‡a17.02 ‡2MRF | |
| 080 | . | ‡a34:17.02 ‡2MRF | |
| 080 | . | ‡a82:17.02 ‡2MRF | |
| 080 | . | ‡a159.942 ‡2MRF | |
| 080 | . | ‡a159.923 ‡2MRF | |
| 080 | . | ‡a172/174 ‡2MRF | |
| 080 | . | ‡a111.84 ‡2MRF | |
| 080 | . | ‡a(082) ‡2MRF | |
| 245 | 0 | 0. | ‡aProblémy etiky II / ‡cTomáš Chudý ; Ondřej Beran, Kamila Pacovská |
| 264 | 1. | ‡aČervený Kostelec : ‡bPavel Mervart, ‡c2022 | |
| 300 | . | ‡a299 stran ; ‡c24 cm | |
| 336 | . | ‡atext ‡btxt ‡2rdacontent | |
| 337 | . | ‡abez média ‡bn ‡2rdamedia | |
| 338 | . | ‡asvazek ‡bnc ‡2rdacarrier | |
| 500 | . | ‡aPoznámky | |
| 504 | . | ‡aObsahuje bibliografické odkazy | |
| 546 | . | ‡aAnglické resumé | |
| 650 | 0 | 7. | ‡aetika ‡7ph114488 ‡2czenas |
| 650 | 0 | 7. | ‡asvoboda ‡7ph116345 ‡2czenas |
| 650 | 0 | 7. | ‡amorálka ‡7ph115354 ‡2czenas |
| 650 | 0 | 7. | ‡aprávo a morálka ‡7ph767120 ‡2czenas |
| 650 | 0 | 7. | ‡aliteratura a morálka ‡7ph1087106 ‡2czenas |
| 650 | 0 | 7. | ‡aemoce ‡7ph114465 ‡xetické pojetí ‡2czenas |
| 650 | 0 | 7. | ‡aintegrita (psychologie) ‡7ph1030314 ‡2czenas |
| 650 | 0 | 7. | ‡aloajalita ‡7ph292477 ‡2czenas |
| 650 | 0 | 7. | ‡adobro ‡7ph119521 ‡2czenas |
| 655 | 7. | ‡asborníky ‡7fd163935 ‡2czenas | |
| 700 | 1 | . | ‡aBeran, Ondřej, ‡d1979- ‡7jx20100602006 ‡4edt |
| 700 | 1 | . | ‡aPacovská, Kamila ‡7jo2015871493 ‡4edt |
| 700 | 1 | . | ‡aChudý, Tomáš, ‡d1976- ‡7xx0022935 |
| 910 | . | ‡aABG312 | |
| 995 | . | ‡aska | |
| 901 | . | ‡a52391 ‡bAUTOGEN ‡c52391 ‡tbiblio | |